Soteri and another v Psylides and another (Record no. 31007)
[ view plain ]
| 000 -LEADER | |
|---|---|
| fixed length control field | 01575cab a2200217 4500 |
| 001 - CONTROL NUMBER | |
| control field | ABS44862 |
| 008 - FIXED-LENGTH DATA ELEMENTS--GENERAL INFORMATION | |
| fixed length control field | 090401t1991 xxu||||| |||| 00| 0 eng d |
| 035 ## - SYSTEM CONTROL NUMBER | |
| System control number | (Sirsi) u49539 |
| 041 ## - LANGUAGE CODE | |
| Language code of text/sound track or separate title | eng |
| 245 ## - TITLE STATEMENT | |
| Title | Soteri and another v Psylides and another |
| 260 ## - PUBLICATION, DISTRIBUTION, ETC. | |
| Date of publication, distribution, etc. | 1991 |
| 350 ## - PRICE (NR) (BK AM CF MU VM SE) [OBSOLETE] | |
| Price | 0 |
| 490 ## - SERIES STATEMENT | |
| Series statement | Estates Gazette |
| Volume/sequential designation | (1991) 24 EG 161-164(3) |
| 520 ## - SUMMARY, ETC. | |
| Summary, etc. | CA 14 February 1991, In 1980 the plaintiffs S purchased premises consisting of a ground floor and basement used as a shop for video hire. When the lease came to change hands the defendants P noted there were no washing or toilet facilities . S gave assurances they would be provided under a collateral agreement to meet health and safety requirements. S gave an undertaking the work would be completed by February. Rent was paid for the first quarter, but by the next quarter day no work having been done P withheld the rent. In December 1988 S issued a writ claiming forfeiture of the lease due to non payment on rent; P counterclaimed for damages for breach of the collateral agreement. Held that P were to pay 2/3 of owed rent on condition that S installed the facilities within eight weeks thereby giving judgement in favour of S but granting relief on the terms set out. S appealed on the grounds that the 1/3 reduction was arbitrary and not based on market value or loss of profits. CA held t |
| 650 ## - SUBJECT ADDED ENTRY--TOPICAL TERM | |
| Topical term or geographic name entry element | HEALTH AND SAFETY AT WORK ETC ACT 1974 |
| 650 ## - SUBJECT ADDED ENTRY--TOPICAL TERM | |
| Topical term or geographic name entry element | VIDEO SHOP |
| 650 ## - SUBJECT ADDED ENTRY--TOPICAL TERM | |
| Topical term or geographic name entry element | WASHING FACILITIES |
| 690 ## - LOCAL SUBJECT ADDED ENTRY--TOPICAL TERM (OCLC, RLIN) | |
| Topical term or geographic name as entry element | LANDLORD AND TENANT-CASE LAW-BUSINESS TENANCIES |
| 942 ## - ADDED ENTRY ELEMENTS (KOHA) | |
| Suppress in OPAC | 0 |
| 948 ## - LOCAL PROCESSING INFORMATION (OCLC); SERIES PART DESIGNATOR (RLIN) | |
| c (OCLC) | 04/03/1997 |
| Withdrawn status | Lost status | Source of classification or shelving scheme | Damaged status | Not for loan | Home library | Current library | Shelving location | Date acquired | Total Checkouts | Full call number | Barcode | Date last seen | Copy number | Price effective from | Koha item type |
|---|---|---|---|---|---|---|---|---|---|---|---|---|---|---|---|
| Dewey Decimal Classification | London | London | Journal article | 14/09/1999 | ABS44862 | 49539-1001 | 06/08/2019 | 1 | 06/08/2019 | Law report |